戦国武将の跡継ぎたち - Statistics

General Stats
  • This quiz has been taken 128 times
  • The average score is 10 of 15
Answer Stats
先代 Answer ヒント % Correct
豊臣秀吉 豊臣秀頼 大坂の陣で自害
98%
徳川家康 徳川秀忠 江戸幕府2代目将軍
97%
武田信玄 武田勝頼 信玄の四男。長篠の戦いで織田・徳川連合軍に大敗
95%
上杉謙信 上杉景勝 豊臣政権で五大老の一人になる。米沢藩初代藩主
92%
織田信長 織田信忠 信長の長男。本能寺の変において、父と共に自害
83%
北条氏康 北条氏政 小田原征伐の結果、切腹を命じられる
79%
黒田官兵衛(孝高・如水) 黒田長政 福岡藩初代藩主。関ヶ原の戦いで大いに活躍
71%
今川義元 今川氏真 義元の嫡男。文芸に優れた
70%
長宗我部元親 長宗我部盛親 元親の四男。大坂の陣に豊臣方として参加
68%
毛利元就 毛利隆元 元就の嫡男。父に先立ってこの世を去る
64%
前田利家 前田利長 加賀藩初代藩主
57%
井伊直政 井伊直孝 直政の次男。彦根藩3代目藩主
44%
島津義弘 島津忠恒 薩摩藩初代藩主
40%
加藤清正 加藤忠広 熊本藩2代目藩主。のちに改易
22%
伊達政宗 伊達忠宗 仙台藩2代目藩主
20%
No matching quizzes found
Score Distribution
Percent of People with Each Score
Percentile by Number Answered
Your Score History
You have not taken this quiz